00318nam a2200109 4500008004100000020001800041082001500059100001500074245006800089260004400157300000700201251014b |||||||| |||| 00| 0 eng d a9789365578911 a657.42 ARO aArora, M N aCost and Management Accounting Theory, Problems and Solutions : aMumbaibHimalaya Publishing Housec2024 aPV